000 00539nam a2200193Ia 4500
005 20250923145151.0
008 008 250917s9999 xx 000 0 eng d
037 _aTextual
040 _aDSWL
_beng
_cDSWL
041 _aeng
_2eng
084 _aR
_qDSWL
245 0 _aMoral Problems in Contemporary Society
_cEd. by Paul Kurtz
260 _aNew York
_bJersey Prentice-Hall Inc. Englewood Cliffs
_c1969
300 _ax,387p.
365 _aUSD
_b2.25
925 _g2.25
942 _cTEXL
_hR
999 _c1447981
_d1447981